Swiss football logos - Statistics

General Stats
  • This quiz has been taken 24 times
  • The average score is 19 of 35
Answer Stats
Picture Answer % Correct
FC Basel
95%
BSC Young Boys
89%
Servette FC
89%
FC Sion
84%
FC Zurich
84%
Lausanne Sport
84%
FC Lugano
79%
FC Sankt-Gallen
79%
Grasshopper Club Zurich
79%
FC Luzern
74%
FC Winterthur
74%
Neuchâtel Xamax
74%
AC Bellinzona
68%
FC Aarau
68%
FC Thun
68%
Yverdon Sport
68%
FC Schaffhausen
63%
FC Vaduz
63%
FC Biel-Bienne
58%
Stade Lausanne Ouchy
58%
Stade Nyonnais
58%
Étoile Carouge
53%
FC Wil
47%
FC Baden
32%
SC Kriens
32%
FC Breitenrain Bern
21%
FC Rapperswil-Jona
21%
SC Cham
21%
Vevey-Sports
21%
FC Bavois
16%
FC Grand Saconnex
16%
FC Bulle
11%
FC Paradiso
11%
SC Brühl
11%
FC Kreuzlingen
5%
No matching quizzes found
Score Distribution
Percent of People with Each Score
Percentile by Number Answered
Your Score History
You have not taken this quiz